Haltestellen der Transdanubien-Straßenbahnen (Wien) - Statistiken

Allgemein
  • Dieses Quiz wurde 111 mal gespielt
  • Das Durchschnittsergebnis liegt bei 33 aus 54
Antwortstatistiken
Straßenbahnen Haltestelle % Korrekt
25, 26, 30, 31 Floridsdorf
97%
25 Kagran
94%
25 Aspern
93%
26 Hausfeldstraße
91%
26 Kagraner Platz
91%
25 Donauspital
85%
26 Edmund-Hawranek-Platz
84%
30, 31 Stammersdorf
84%
25 Hardeggasse
82%
25 Erzherzog-Karl-Straße
75%
26 Gewerbepark Stadlau
73%
26 Am Spitz
72%
30, 31 Brünner Straße
69%
25, 26 Hoßplatz
69%
25, 26 Josef-Baumann-Gasse
69%
26 Am Heidjöchl
66%
26 Prinzgasse
66%
26 Zanggasse
66%
25, 26 Carminweg
64%
25 Donaustadtstraße
63%
25, 26 Fultonstraße
63%
25 Kagraner Brücke
63%
25 Langobardenstraße
63%
30, 31 Floridsdorfer Markt
61%
26 Spargelfeldstraße
61%
26 Süßenbrunner Straße
61%
25 Polgarstraße
60%
31 Floridsdorfer Brücke
58%
26 Kraygasse
58%
26 Saikogasse
58%
25 Siebeckstraße
57%
25 Kapellenweg
55%
25 Trondheimgasse
55%
30, 31 Van-Swieten-Kaserne
55%
26 Ziegelhofstraße
55%
25 Konstanziagasse
54%
26 Nordbrücke
54%
30, 31 Shuttleworthstraße
54%
25 Arminenstraße
52%
26 Autokaderstraße
52%
25 Prandaugasse
52%
31 Hubertusdamm
51%
26 Rußbergstraße
51%
26 Forstnergasse
49%
30, 31 Großjedlersdorf
48%
26 Koloniestraße
46%
30, 31 Anton-Schall-Gasse
45%
26 Hopfengasse
45%
31 Matthäus-Jiszda-Straße
40%
30, 31 Carabelligasse
39%
30, 31 Hanreitergasse
39%
30, 31 Bahnsteggasse
37%
30, 31 Empergergasse
37%
26 Winkeläckergasse
25%
Keine übereinstimmenden Quizze gefunden
Verteilung der Resultate
Anzahl Personen mit jedem Resultat
Perzentil nach korrekt beantworteten Fragen
Ihre Resultats-Entwicklung
Sie haben dieses Quiz noch nicht gespielt